00641 2200193 4500001002100000005001700021008004100038035002400079040001200103082001000115090001900125100002200144245010400166260007500270300004100345504002600386650001700412990001800429YOGYA-0113000000166620130128133724.0 ind  0010-011300000001666 aYOPDYOG a153.8 aSK 153.8 Saf P aSAFIK TRI HIDAYAT apengaruh komunikasi orang tua-anak terhadap rasa percaya diri remaja/disusun oleh Safik Tri Hidayat ayogyakarta :bsekolah tinggi pembangunan masyarakat desa "APMD",c2001 aix,79,(20)lbr.:bilus.,lamp.;c29 cm abibliografi :(lbr.80) apercaya diri a42489-PD/A-12